|
|
|
|
| LEADER |
00000cam a2200000 a 4500 |
| 001 |
62346 |
| 003 |
Ucuenca |
| 005 |
20230308162017.0 |
| 008 |
985010|1966 ag |||||r|||||||||||spa|| |
| 040 |
|
|
|b spa
|
| 041 |
0 |
|
|a spa
|
| 082 |
0 |
|
|a 372.4
|
| 100 |
1 |
|
|a Lacau, María Hortensia.
|d 1910-2006
|9 23592
|
| 245 |
|
|
|a Didáctica de la lectura creadora
|c María Hortensia Lacau
|h imp
|
| 264 |
|
|
|a Buenos Aires
|b Kapelusz
|c 1966
|
| 300 |
|
|
|a 253 páginas:
|c 20 cm
|
| 500 |
|
|
|a PDF, contiene índice y prólogo
|
| 504 |
|
|
|a incl. ref.
|
| 650 |
|
0 |
|a Lectura oral
|9 30281
|
| 650 |
|
0 |
|a Lectura
|9 22362
|
| 852 |
|
|
|a UC-CDJBV
|f Compra
|k npena
|l 1
|m General
|p 19850107
|q 364,00
|r 2
|t 62346
|b 0
|d CDRC
|e CDRC
|g 372.4 PRIMER PISO
|u http://nas.ucuenca.edu.ec/BibliotecaDigital/ebooks/librosyrev/62346.pdf
|z 1985-50-10
|
| 856 |
|
|
|u http://nas.ucuenca.edu.ec/BibliotecaDigital/ebooks/librosyrev/62346.pdf
|
| 942 |
|
|
|c BK
|0 1
|
| 999 |
|
|
|c 16551
|d 16551
|